[Event "Göteborg Open 2017"]
[Site "Mölnlycke kulturhus, Biblioteksgatan 2, Mölnlycke, Sweden"]
[Date "2017.08.18"]
[Round "1.1"]
[White "Hillarp Persson, Tiger"]
[Black "Ottgård, Andreas"]
[Result "1-0"]
[BlackElo "1810"]
[WhiteElo "2522"]
[LiveChessVersion "1.4.8"]

1. Nf3 {[%clk 0:15:07]} Nf6 {[%clk 0:15:07]} 2. c4 {[%clk 0:15:08]} g6
{[%clk 0:15:04]} 3. Nc3 {[%clk 0:15:07]} c5 {[%clk 0:14:54]} 4. d4
{[%clk 0:15:05]} Bg7 {[%clk 0:14:31]} 5. e4 {[%clk 0:14:06]} cxd4
{[%clk 0:13:16]} 6. Nxd4 {[%clk 0:14:09]} d6 {[%clk 0:13:10]} 7. Be2
{[%clk 0:14:07]} Nc6 {[%clk 0:13:09]} 8. Be3 {[%clk 0:14:07]} O-O
{[%clk 0:12:18]} 9. O-O {[%clk 0:14:08]} Bd7 {[%clk 0:10:34]} 10. Nc2
{[%clk 0:13:49]} Rc8 {[%clk 0:10:23]} 11. h3 {[%clk 0:09:23]} Be6
{[%clk 0:08:46]} 12. Qd2 {[%clk 0:06:17]} a6 {[%clk 0:06:21]} 13. Rfd1
{[%clk 0:05:28]} Qa5 {[%clk 0:05:41]} 14. Rab1 {[%clk 0:04:16]} Nd7
{[%clk 0:04:41]} 15. b4 {[%clk 0:03:37]} Qc7 {[%clk 0:04:34]} 16. Nd5
{[%clk 0:03:16]} Bxd5 {[%clk 0:04:24]} 17. exd5 {[%clk 0:03:16]} Nce5
{[%clk 0:04:01]} 18. Na3 {[%clk 0:03:19]} Nf6 {[%clk 0:03:27]} 19. Bd4
{[%clk 0:03:00]} Rfd8 {[%clk 0:02:18]} 20. Rbc1 {[%clk 0:02:56]} h6
{[%clk 0:01:53]} 21. f4 {[%clk 0:02:46]} Ned7 {[%clk 0:01:56]} 22. Bf3
{[%clk 0:02:43]} Ne8 {[%clk 0:01:47]} 23. Re1 {[%clk 0:02:21]} Bf6
{[%clk 0:01:19]} 24. Kh2 {[%clk 0:02:00]} Ng7 {[%clk 0:01:22]} 25. g4
{[%clk 0:01:57]} e5 {[%clk 0:01:08]} 26. dxe6 {[%clk 0:01:53]} Nxe6
{[%clk 0:01:07]} 27. Be3 {[%clk 0:01:45]} Nb6 {[%clk 0:00:34]} 28. Kh1
{[%clk 0:01:36]} Ng7 {[%clk 0:00:29]} 29. Bg2 {[%clk 0:01:20]} d5
{[%clk 0:00:14]} 30. cxd5 {[%clk 0:01:12]} Bc3 {[%clk 0:00:16]} 31. Rxc3
{[%clk 0:00:49]} Qxc3 {[%clk 0:00:18]} 32. Qxc3 {[%clk 0:00:52]} Rxc3
{[%clk 0:00:21]} 33. Bxb6 {[%clk 0:00:56]} Rd6 {[%clk 0:00:20]} 34. Bc5
{[%clk 0:00:56]} Rd8 {[%clk 0:00:13]} 35. Nb1 {[%clk 0:00:54]} Rc2
{[%clk 0:00:13]} 36. a4 {[%clk 0:00:53]} Ne8 {[%clk 0:00:14]} 37. Be7
{[%clk 0:00:36]} Rd7 {[%clk 0:00:11]} 38. Na3 {[%clk 0:00:39]} Rb2
{[%clk 0:00:11]} 39. Nc4 {[%clk 0:00:40]} Rc2 {[%clk 0:00:07]} 40. Nb6
{[%clk 0:00:40]} Rdc7 {[%clk 0:00:10]} 41. Bc5 {[%clk 0:00:40]} Nf6
{[%clk 0:00:10]} 42. d6 {[%clk 0:00:43]} 1-0

[Event "Göteborg Open 2017"]
[Site "Mölnlycke kulturhus, Biblioteksgatan 2, Mölnlycke, Sweden"]
[Date "2017.08.18"]
[Round "1.2"]
[White "Tabakan, Anil"]
[Black "Gritsak, Orest"]
[Result "0-1"]
[BlackElo "2474"]
[WhiteElo "1809"]
[LiveChessVersion "1.4.8"]

1. e4 {[%clk 0:15:06]} c5 {[%clk 0:15:03]} 2. c3 {[%clk 0:15:05]} d5
{[%clk 0:14:58]} 3. exd5 {[%clk 0:14:59]} Qxd5 {[%clk 0:15:00]} 4. d4
{[%clk 0:15:00]} Nf6 {[%clk 0:14:57]} 5. Nf3 {[%clk 0:14:40]} e6 {[%clk 0:14:55]}
6. Be2 {[%clk 0:12:57]} Be7 {[%clk 0:14:34]} 7. O-O {[%clk 0:12:34]} O-O
{[%clk 0:14:35]} 8. h3 {[%clk 0:12:36]} Rd8 {[%clk 0:13:31]} 9. Be3
{[%clk 0:12:37]} cxd4 {[%clk 0:12:19]} 10. Nxd4 {[%clk 0:11:31]} e5
{[%clk 0:11:12]} 11. Nf3 {[%clk 0:10:45]} Nc6 {[%clk 0:10:59]} 12. Nbd2
{[%clk 0:10:06]} Qa5 {[%clk 0:10:26]} 13. Qc2 {[%clk 0:09:47]} Nd5
{[%clk 0:10:11]} 14. Ng5 {[%clk 0:08:40]} g6 {[%clk 0:10:13]} 15. Qb3
{[%clk 0:07:56]} Qc7 {[%clk 0:10:03]} 16. Bf3 {[%clk 0:07:07]} Na5
{[%clk 0:10:02]} 17. Qb5 {[%clk 0:06:56]} Nxe3 {[%clk 0:09:21]} 18. Nxf7
{[%clk 0:05:21]} Bd7 {[%clk 0:08:01]} 19. Qe2 {[%clk 0:04:34]} Nxf1
{[%clk 0:07:56]} 20. Nxd8 {[%clk 0:04:34]} Nxd2 {[%clk 0:07:42]} 21. Bd5+
{[%clk 0:04:04]} Kg7 {[%clk 0:07:44]} 22. Be6 {[%clk 0:02:11]} Rxd8
{[%clk 0:07:38]} 0-1

[Event "Göteborg Open 2017"]
[Site "Mölnlycke kulturhus, Biblioteksgatan 2, Mölnlycke, Sweden"]
[Date "2017.08.18"]
[Round "1.4"]
[White "Alharash, Feras"]
[Black "Antonsen, Mikkel"]
[Result "0-1"]
[BlackElo "2440"]
[WhiteElo "1772"]
[LiveChessVersion "1.4.8"]

1. d4 {[%clk 0:15:08]} Nf6 {[%clk 0:15:09]} 2. Nf3 {[%clk 0:15:11]} d5
{[%clk 0:15:14]} 3. c4 {[%clk 0:15:14]} e6 {[%clk 0:15:18]} 4. Nc3
{[%clk 0:15:15]} c5 {[%clk 0:15:20]} 5. Bg5 {[%clk 0:15:18]} cxd4
{[%clk 0:15:00]} 6. Nxd4 {[%clk 0:15:15]} e5 {[%clk 0:14:32]} 7. Bxf6
{[%clk 0:15:17]} gxf6 {[%clk 0:14:28]} 8. Nf3 {[%clk 0:14:57]} d4
{[%clk 0:14:27]} 9. Nd5 {[%clk 0:14:26]} Be6 {[%clk 0:14:29]} 10. e4
{[%clk 0:14:08]} dxe3 {[%clk 0:14:30]} 11. Nxe3 {[%clk 0:14:11]} Bb4+
{[%clk 0:14:02]} 12. Nd2 {[%clk 0:14:14]} Nc6 {[%clk 0:14:06]} 13. a3
{[%clk 0:14:17]} Bxd2+ {[%clk 0:13:30]} 14. Qxd2 {[%clk 0:14:19]} Qxd2+
{[%clk 0:13:18]} 15. Kxd2 {[%clk 0:14:21]} Nd4 {[%clk 0:13:17]} 16. Kc3
{[%clk 0:14:18]} Rc8 {[%clk 0:13:01]} 17. f4 {[%clk 0:12:34]} O-O
{[%clk 0:12:35]} 18. b4 {[%clk 0:10:20]} Rfd8 {[%clk 0:12:11]} 19. Rd1
{[%clk 0:09:54]} a5 {[%clk 0:11:03]} 20. g4 {[%clk 0:08:42]} axb4+
{[%clk 0:10:39]} 21. axb4 {[%clk 0:08:45]} Ra8 {[%clk 0:10:35]} 22. Nc2
{[%clk 0:05:02]} Nb5+ {[%clk 0:10:19]} 23. cxb5 {[%clk 0:04:45]} Rxd1
{[%clk 0:10:15]} 24. Ne3 {[%clk 0:04:31]} Rc8+ {[%clk 0:10:02]} 25. Kb2
{[%clk 0:04:30]} Rd2+ {[%clk 0:09:58]} 26. Kb1 {[%clk 0:04:23]} Ba2+
{[%clk 0:09:57]} 0-1

[Event "Göteborg Open 2017"]
[Site "Mölnlycke kulturhus, Biblioteksgatan 2, Mölnlycke, Sweden"]
[Date "2017.08.18"]
[Round "1.5"]
[White "Rosberg, Simon"]
[Black "Torkkeli, Ted"]
[Result "1-0"]
[BlackElo "1767"]
[WhiteElo "2318"]
[LiveChessVersion "1.4.8"]

1. c4 {[%clk 0:15:08]} Nf6 {[%clk 0:15:08]} 2. Nf3 {[%clk 0:15:08]} g6
{[%clk 0:15:09]} 3. g3 {[%clk 0:15:10]} Bg7 {[%clk 0:15:10]} 4. Bg2
{[%clk 0:15:13]} O-O {[%clk 0:15:11]} 5. O-O {[%clk 0:15:15]} d5 {[%clk 0:14:55]}
6. d4 {[%clk 0:15:13]} Bg4 {[%clk 0:14:41]} 7. Ne5 {[%clk 0:14:48]} Be6
{[%clk 0:14:24]} 8. Qb3 {[%clk 0:14:21]} Nc6 {[%clk 0:13:50]} 9. Nxc6
{[%clk 0:13:26]} bxc6 {[%clk 0:13:51]} 10. c5 {[%clk 0:13:30]} Qb8
{[%clk 0:13:11]} 11. Qd1 {[%clk 0:11:00]} Bc8 {[%clk 0:11:52]} 12. Nc3
{[%clk 0:10:58]} Ba6 {[%clk 0:11:38]} 13. Re1 {[%clk 0:11:01]} e5
{[%clk 0:11:18]} 14. dxe5 {[%clk 0:10:09]} Nd7 {[%clk 0:11:21]} 15. f4
{[%clk 0:09:55]} Nxc5 {[%clk 0:11:02]} 16. Rb1 {[%clk 0:09:38]} Ne6
{[%clk 0:10:32]} 17. b4 {[%clk 0:09:25]} Qd8 {[%clk 0:09:02]} 18. b5
{[%clk 0:08:55]} cxb5 {[%clk 0:08:42]} 19. Nxd5 {[%clk 0:08:43]} Rb8
{[%clk 0:08:36]} 20. Be3 {[%clk 0:08:35]} c5 {[%clk 0:08:00]} 21. g4
{[%clk 0:08:35]} Bb7 {[%clk 0:07:13]} 22. Rxb5 {[%clk 0:08:20]} a6
{[%clk 0:06:59]} 23. Rxb7 {[%clk 0:08:00]} c4 {[%clk 0:06:10]} 24. Rxb8
{[%clk 0:07:25]} Qxb8 {[%clk 0:06:13]} 25. Qc2 {[%clk 0:07:25]} 1-0

[Event "Göteborg Open 2017"]
[Site "Mölnlycke kulturhus, Biblioteksgatan 2, Mölnlycke, Sweden"]
[Date "2017.08.18"]
[Round "1.6"]
[White "Shchetinin, Oleg"]
[Black "Ziegler, Ari"]
[Result "0-1"]
[BlackElo "2318"]
[WhiteElo "1754"]
[LiveChessVersion "1.4.8"]

1. d4 {[%clk 0:15:08]} g6 {[%clk 0:15:08]} 2. Nf3 {[%clk 0:15:10]} Bg7
{[%clk 0:15:12]} 3. g3 {[%clk 0:15:13]} Nf6 {[%clk 0:15:14]} 4. Bg2
{[%clk 0:15:16]} d6 {[%clk 0:15:17]} 5. O-O {[%clk 0:15:19]} O-O {[%clk 0:15:20]}
6. Bg5 {[%clk 0:15:05]} Nc6 {[%clk 0:14:27]} 7. c3 {[%clk 0:15:05]} Bf5
{[%clk 0:13:54]} 8. Nh4 {[%clk 0:14:41]} Bd7 {[%clk 0:13:35]} 9. Nd2
{[%clk 0:14:04]} h6 {[%clk 0:13:27]} 10. Bxf6 {[%clk 0:13:58]} Bxf6
{[%clk 0:13:29]} 11. Nhf3 {[%clk 0:13:33]} Qc8 {[%clk 0:13:18]} 12. Re1
{[%clk 0:12:41]} Bh3 {[%clk 0:12:54]} 13. e4 {[%clk 0:11:19]} Bxg2
{[%clk 0:12:17]} 14. Kxg2 {[%clk 0:11:22]} e5 {[%clk 0:12:05]} 15. d5
{[%clk 0:11:04]} Ne7 {[%clk 0:12:03]} 16. Rc1 {[%clk 0:10:57]} a5
{[%clk 0:11:21]} 17. a4 {[%clk 0:10:31]} Bg7 {[%clk 0:11:10]} 18. Nh4
{[%clk 0:09:21]} Qd7 {[%clk 0:11:11]} 19. b3 {[%clk 0:08:31]} Kh7
{[%clk 0:11:07]} 20. Nc4 {[%clk 0:07:24]} h5 {[%clk 0:08:54]} 21. Rf1
{[%clk 0:06:49]} Bh6 {[%clk 0:08:55]} 22. Rc2 {[%clk 0:06:44]} b5
{[%clk 0:08:24]} 23. axb5 {[%clk 0:05:03]} Qxb5 {[%clk 0:08:26]} 24. Rb2
{[%clk 0:04:53]} Qc5 {[%clk 0:08:16]} 25. g4 {[%clk 0:04:39]} hxg4
{[%clk 0:06:07]} 26. Qxg4 {[%clk 0:04:41]} f5 {[%clk 0:06:06]} 27. Qe2
{[%clk 0:04:24]} fxe4 {[%clk 0:05:57]} 28. Qxe4 {[%clk 0:04:25]} Rf4
{[%clk 0:05:55]} 29. b4 {[%clk 0:03:03]} axb4 {[%clk 0:05:57]} 30. cxb4
{[%clk 0:03:07]} Qxc4 {[%clk 0:06:00]} 31. Qxc4 {[%clk 0:03:10]} Rxc4
{[%clk 0:06:04]} 32. Nf3 {[%clk 0:03:11]} Nxd5 {[%clk 0:06:02]} 33. b5
{[%clk 0:03:11]} Ra3 {[%clk 0:05:58]} 34. Nd2 {[%clk 0:02:52]} Bxd2
{[%clk 0:05:36]} 35. Rxd2 {[%clk 0:02:56]} Nf4+ {[%clk 0:05:39]} 36. Kh1
{[%clk 0:02:57]} Rb3 {[%clk 0:05:42]} 37. Ra1 {[%clk 0:02:52]} Rxb5
{[%clk 0:05:44]} 38. Ra7 {[%clk 0:02:50]} 0-1

[Event "Göteborg Open 2017"]
[Site "Mölnlycke kulturhus, Biblioteksgatan 2, Mölnlycke, Sweden"]
[Date "2017.08.18"]
[Round "1.7"]
[White "Rydström, Tom"]
[Black "Andersson, Christian"]
[Result "1-0"]
[BlackElo "1740"]
[WhiteElo "2301"]
[LiveChessVersion "1.4.8"]

1. Nc3 {[%clk 0:15:08]} c5 {[%clk 0:14:53]} 2. Nf3 {[%clk 0:15:02]} g6
{[%clk 0:14:48]} 3. d4 {[%clk 0:14:50]} cxd4 {[%clk 0:14:36]} 4. Nxd4
{[%clk 0:14:47]} Nc6 {[%clk 0:14:31]} 5. e4 {[%clk 0:14:35]} Bg7 {[%clk 0:14:14]}
6. Be3 {[%clk 0:14:39]} a6 {[%clk 0:13:11]} 7. Bc4 {[%clk 0:14:30]} e6
{[%clk 0:13:09]} 8. Bb3 {[%clk 0:14:27]} Nge7 {[%clk 0:13:11]} 9. Qd2
{[%clk 0:13:52]} Qc7 {[%clk 0:12:49]} 10. O-O-O {[%clk 0:13:29]} Na5
{[%clk 0:11:09]} 11. h4 {[%clk 0:12:31]} Nxb3+ 12. cxb3 {[%clk 0:11:35]} b5
{[%clk 0:10:39]} 13. Kb1 {[%clk 0:11:36]} d6 {[%clk 0:08:52]} 14. h5
{[%clk 0:10:24]} Bb7 {[%clk 0:08:20]} 15. f3 {[%clk 0:10:21]} d5 {[%clk 0:07:03]}
16. hxg6 {[%clk 0:08:47]} Nxg6 {[%clk 0:04:46]} 17. exd5 {[%clk 0:06:46]} exd5
{[%clk 0:04:27]} 18. Nf5 {[%clk 0:06:40]} Bxc3 {[%clk 0:03:42]} 19. bxc3
{[%clk 0:06:43]} O-O-O {[%clk 0:03:06]} 20. Bd4 {[%clk 0:05:38]} Rhe8
{[%clk 0:02:17]} 21. Rxh7 {[%clk 0:05:39]} Rd7 {[%clk 0:02:14]} 22. Rhh1
{[%clk 0:05:02]} Kb8 {[%clk 0:02:11]} 23. Rhe1 {[%clk 0:05:02]} Rc8
{[%clk 0:02:11]} 24. Rc1 {[%clk 0:04:26]} Nf8 {[%clk 0:02:06]} 25. Be5
{[%clk 0:04:29]} 1-0

[Event "Göteborg Open 2017"]
[Site "Mölnlycke kulturhus, Biblioteksgatan 2, Mölnlycke, Sweden"]
[Date "2017.08.18"]
[Round "1.8"]
[White "Onyango, Adia"]
[Black "Åkesson, Joel"]
[Result "0-1"]
[BlackElo "2296"]
[WhiteElo "1733"]
[LiveChessVersion "1.4.8"]

1. d4 {[%clk 0:15:09]} Nf6 {[%clk 0:15:02]} 2. c4 {[%clk 0:15:13]} e6
{[%clk 0:15:02]} 3. Nc3 {[%clk 0:15:17]} Bb4 {[%clk 0:15:02]} 4. Qc2
{[%clk 0:15:20]} O-O {[%clk 0:14:50]} 5. a3 {[%clk 0:15:24]} Bxc3+
{[%clk 0:14:48]} 6. Qxc3 {[%clk 0:15:28]} b6 {[%clk 0:14:12]} 7. Bg5
{[%clk 0:14:09]} h6 {[%clk 0:12:37]} 8. Bh4 {[%clk 0:13:44]} Bb7 {[%clk 0:12:20]}
9. Nf3 d6 {[%clk 0:11:49]} 10. e3 {[%clk 0:12:51]} Nbd7 {[%clk 0:11:36]} 11. Bd3
{[%clk 0:12:18]} Qe7 {[%clk 0:09:22]} 12. Qc2 {[%clk 0:11:42]} c5
{[%clk 0:07:44]} 13. Qe2 {[%clk 0:06:06]} e5 {[%clk 0:05:23]} 14. dxe5 dxe5
{[%clk 0:05:22]} 15. Bf5 {[%clk 0:04:59]} e4 {[%clk 0:04:43]} 16. Nd2
{[%clk 0:04:26]} Qe5 {[%clk 0:04:06]} 17. Bxd7 Nxd7 {[%clk 0:04:06]} 18. Nb3
{[%clk 0:02:38]} Qe6 {[%clk 0:03:33]} 19. O-O {[%clk 0:02:18]} Ne5
{[%clk 0:03:07]} 20. Nd2 {[%clk 0:02:10]} Nf3+ {[%clk 0:02:46]} 21. gxf3
{[%clk 0:01:43]} exf3 {[%clk 0:02:48]} 22. Nxf3 {[%clk 0:00:36]} Qg4+
{[%clk 0:02:48]} 23. Kh1 {[%clk 0:00:15]} Bxf3+ {[%clk 0:02:48]} 24. Qxf3
{[%clk 0:00:19]} Qxf3+ 25. Kg1 Qg4+ {[%clk 0:02:51]} 26. Bg3 {[%clk 0:00:27]}
Qxc4 {[%clk 0:02:55]} 27. Rac1 {[%clk 0:00:30]} Qb3 {[%clk 0:02:56]} 28. Rb1
{[%clk 0:00:31]} Rfd8 {[%clk 0:02:59]} 29. Be5 {[%clk 0:00:30]} Rd5
{[%clk 0:03:01]} 30. Bc3 {[%clk 0:00:16]} Rad8 {[%clk 0:03:04]} 31. f4
{[%clk 0:00:12]} Rd1 {[%clk 0:03:07]} 32. Kf2 {[%clk 0:00:08]} Rxb1
{[%clk 0:03:11]} 33. Rxb1 {[%clk 0:00:12]} Qc2+ {[%clk 0:03:15]} 0-1

[Event "Göteborg Open 2017"]
[Site "Mölnlycke kulturhus, Biblioteksgatan 2, Mölnlycke, Sweden"]
[Date "2017.08.18"]
[Round "1.9"]
[White "Nyberg, Ulf"]
[Black "Rasti, Arvin"]
[Result "1-0"]
[BlackElo "1731"]
[WhiteElo "2183"]
[LiveChessVersion "1.4.8"]

1. d4 {[%clk 0:14:16]} Nf6 {[%clk 0:15:08]} 2. c4 {[%clk 0:14:18]} g6
{[%clk 0:15:11]} 3. Nc3 {[%clk 0:14:22]} Bg7 {[%clk 0:15:15]} 4. e4
{[%clk 0:14:24]} d6 {[%clk 0:15:18]} 5. Be2 {[%clk 0:14:26]} O-O {[%clk 0:15:21]}
6. f4 {[%clk 0:13:54]} c5 {[%clk 0:14:49]} 7. Nf3 {[%clk 0:13:53]} cxd4
{[%clk 0:14:30]} 8. Nxd4 {[%clk 0:13:50]} Nc6 {[%clk 0:14:29]} 9. Be3
{[%clk 0:13:47]} Bd7 {[%clk 0:14:24]} 10. O-O {[%clk 0:13:23]} Nxd4
{[%clk 0:14:02]} 11. Bxd4 {[%clk 0:13:04]} Bc6 {[%clk 0:13:47]} 12. Qd3
{[%clk 0:12:06]} Nd7 {[%clk 0:12:08]} 13. Bxg7 {[%clk 0:12:02]} Nc5
{[%clk 0:11:30]} 14. Qd4 {[%clk 0:10:36]} Ne6 {[%clk 0:11:30]} 15. Qe3
{[%clk 0:10:36]} Kxg7 {[%clk 0:11:30]} 16. f5 {[%clk 0:10:00]} Nc5
{[%clk 0:10:17]} 17. b4 {[%clk 0:09:45]} Na4 {[%clk 0:10:16]} 18. b5
{[%clk 0:09:39]} Bxe4 {[%clk 0:07:46]} 19. Nxe4 {[%clk 0:08:30]} Nb6
{[%clk 0:06:52]} 20. f6+ {[%clk 0:08:11]} exf6 {[%clk 0:06:37]} 21. Nxf6
{[%clk 0:08:04]} Nd7 {[%clk 0:06:04]} 22. Nxd7 {[%clk 0:07:45]} Qxd7
{[%clk 0:06:09]} 23. Qd4+ {[%clk 0:07:29]} Kg8 {[%clk 0:05:56]} 24. Rad1
{[%clk 0:06:57]} Rfe8 {[%clk 0:05:34]} 25. Bf3 {[%clk 0:06:26]} Re6
{[%clk 0:05:14]} 26. Bd5 {[%clk 0:06:17]} Re7 {[%clk 0:05:15]} 27. Rf6
{[%clk 0:05:38]} Rae8 {[%clk 0:05:01]} 28. Rdf1 {[%clk 0:04:51]} Rf8
{[%clk 0:04:13]} 29. Qf4 {[%clk 0:04:14]} Qc7 {[%clk 0:03:28]} 30. Qxd6
{[%clk 0:03:48]} Qxd6 {[%clk 0:03:04]} 31. Rxd6 {[%clk 0:03:48]} Re2
{[%clk 0:03:07]} 32. Rd7 {[%clk 0:03:35]} Rxa2 {[%clk 0:02:51]} 33. Rfxf7
{[%clk 0:03:13]} Ra1+ {[%clk 0:02:37]} 34. Rf1+ {[%clk 0:03:12]} Kh8
{[%clk 0:02:25]} 35. Rxa1 {[%clk 0:03:12]} h5 {[%clk 0:02:22]} 36. Rxa7
{[%clk 0:03:07]} 1-0

[Event "Göteborg Open 2017"]
[Site "Mölnlycke kulturhus, Biblioteksgatan 2, Mölnlycke, Sweden"]
[Date "2017.08.18"]
[Round "1.10"]
[White "Håkansson, Simon"]
[Black "Nilsson, Joakim"]
[Result "0-1"]
[BlackElo "2126"]
[WhiteElo "1693"]
[LiveChessVersion "1.4.8"]

1. Nf3 {[%clk 0:15:07]} Nf6 {[%clk 0:14:52]} 2. b3 {[%clk 0:15:08]} d5
{[%clk 0:14:46]} 3. Bb2 {[%clk 0:15:02]} c6 {[%clk 0:14:42]} 4. g3
{[%clk 0:14:50]} Bf5 {[%clk 0:14:31]} 5. Bg2 {[%clk 0:14:53]} e6 {[%clk 0:14:32]}
6. O-O {[%clk 0:14:53]} Bd6 {[%clk 0:14:23]} 7. d3 {[%clk 0:14:47]} h6
{[%clk 0:14:05]} 8. Qe1 {[%clk 0:14:32]} O-O {[%clk 0:14:01]} 9. Nbd2
{[%clk 0:14:24]} Bh7 {[%clk 0:12:57]} 10. e4 {[%clk 0:13:05]} dxe4
{[%clk 0:12:43]} 11. dxe4 {[%clk 0:13:07]} Bb4 {[%clk 0:11:50]} 12. a3
{[%clk 0:12:38]} Be7 {[%clk 0:11:33]} 13. Rd1 {[%clk 0:11:57]} Qc8
{[%clk 0:09:39]} 14. e5 {[%clk 0:10:34]} Nfd7 {[%clk 0:09:29]} 15. Ne4
{[%clk 0:09:29]} Qc7 {[%clk 0:08:51]} 16. c4 {[%clk 0:07:55]} Rd8
{[%clk 0:07:53]} 17. Qe3 {[%clk 0:05:54]} Qb6 {[%clk 0:05:30]} 18. c5
{[%clk 0:03:21]} Qc7 {[%clk 0:04:35]} 19. Nd6 {[%clk 0:03:24]} b6
{[%clk 0:04:02]} 20. b4 {[%clk 0:03:23]} bxc5 {[%clk 0:03:55]} 21. bxc5
{[%clk 0:03:25]} Na6 {[%clk 0:03:23]} 22. Bd4 {[%clk 0:02:42]} Rab8
{[%clk 0:03:03]} 23. Qf4 {[%clk 0:02:12]} Bg6 {[%clk 0:02:48]} 24. Qe3
{[%clk 0:01:27]} Qa5 {[%clk 0:02:43]} 25. Nh4 {[%clk 0:00:53]} Bxh4
{[%clk 0:02:43]} 26. gxh4 {[%clk 0:00:57]} Ndxc5 {[%clk 0:01:58]} 27. f4
{[%clk 0:00:31]} Rb3 {[%clk 0:01:31]} 28. Qe2 {[%clk 0:00:21]} Rd3
{[%clk 0:00:55]} 29. Bxc5 {[%clk 0:00:19]} Qxc5+ {[%clk 0:00:56]} 30. Kh1
{[%clk 0:00:21]} Rxd1 {[%clk 0:00:59]} 31. Rxd1 {[%clk 0:00:25]} Qa5
{[%clk 0:00:53]} 32. Qe3 {[%clk 0:00:18]} Qc7 {[%clk 0:00:47]} 33. Rc1
{[%clk 0:00:15]} c5 {[%clk 0:00:41]} 34. Qf2 {[%clk 0:00:13]} Qb6
{[%clk 0:00:33]} 35. f5 {[%clk 0:00:12]} exf5 {[%clk 0:00:36]} 36. Nxf5
{[%clk 0:00:15]} Bxf5 {[%clk 0:00:38]} 37. Qxf5 {[%clk 0:00:18]} Nc7
{[%clk 0:00:39]} 38. Rf1 {[%clk 0:00:19]} Qe6 {[%clk 0:00:40]} 39. Qf4
{[%clk 0:00:11]} c4 {[%clk 0:00:36]} 40. Kg1 {[%clk 0:00:06]} Nd5
{[%clk 0:00:37]} 41. Bxd5 {[%clk 0:00:09]} Qxd5 {[%clk 0:00:40]} 42. Rc1
{[%clk 0:00:07]} Qd4+ {[%clk 0:00:43]} 43. Qxd4 {[%clk 0:00:10]} Rxd4
{[%clk 0:00:48]} 44. Kf2 {[%clk 0:00:13]} Kf8 {[%clk 0:00:52]} 45. Ke3
{[%clk 0:00:17]} Rxh4 {[%clk 0:00:55]} 46. Rc2 {[%clk 0:00:19]} Ke7
{[%clk 0:00:59]} 47. a4 {[%clk 0:00:16]} Ke6 {[%clk 0:01:03]} 48. Kf3
{[%clk 0:00:16]} Kxe5 {[%clk 0:01:06]} 49. Re2+ {[%clk 0:00:11]} Kd4
{[%clk 0:01:05]} 0-1

[Event "Göteborg Open 2017"]
[Site "Mölnlycke kulturhus, Biblioteksgatan 2, Mölnlycke, Sweden"]
[Date "2017.08.18"]
[Round "2.1"]
[White "Outgajjouft, Said"]
[Black "Hillarp Persson, Tiger"]
[Result "0-1"]
[BlackElo "2522"]
[WhiteElo "2026"]
[LiveChessVersion "1.4.8"]

1. e4 {[%clk 0:15:09]} g6 {[%clk 0:15:09]} 2. Bc4 {[%clk 0:15:03]} c5
{[%clk 0:14:47]} 3. Nc3 {[%clk 0:15:02]} Nc6 {[%clk 0:14:47]} 4. a3
{[%clk 0:14:43]} Bg7 {[%clk 0:14:45]} 5. f4 {[%clk 0:13:51]} e6 {[%clk 0:14:21]}
6. Nf3 {[%clk 0:13:09]} Nge7 {[%clk 0:13:59]} 7. d3 {[%clk 0:12:32]} d5
{[%clk 0:13:53]} 8. Ba2 {[%clk 0:12:35]} b5 {[%clk 0:11:50]} 9. Nxb5
{[%clk 0:11:34]} Qa5+ {[%clk 0:11:28]} 10. Nc3 {[%clk 0:11:37]} d4
{[%clk 0:11:31]} 11. b4 {[%clk 0:11:18]} cxb4 {[%clk 0:11:07]} 12. Ne2
{[%clk 0:11:20]} Qb6 {[%clk 0:10:49]} 13. Bb3 {[%clk 0:09:20]} O-O
{[%clk 0:10:42]} 14. O-O {[%clk 0:08:50]} a5 {[%clk 0:10:45]} 15. a4
{[%clk 0:07:23]} Nd8 {[%clk 0:10:17]} 16. Nd2 {[%clk 0:07:26]} Nb7
{[%clk 0:10:11]} 17. Nc4 {[%clk 0:07:23]} Qd8 {[%clk 0:09:59]} 18. Qe1
{[%clk 0:07:18]} Nc5 {[%clk 0:09:54]} 19. Qf2 {[%clk 0:07:13]} Ba6
{[%clk 0:07:49]} 20. Ng3 {[%clk 0:05:26]} f5 {[%clk 0:07:28]} 21. e5
{[%clk 0:05:28]} Nd5 {[%clk 0:06:03]} 22. Qxd4 {[%clk 0:05:14]} Rc8
{[%clk 0:05:34]} 23. Nd6 {[%clk 0:05:13]} Qxd6 {[%clk 0:05:36]} 0-1